| 000 | 00401nam a22001697a 4500 | ||
|---|---|---|---|
| 005 | 20160628142026.0 | ||
| 008 | 160628b xxu||||| |||| 00| 0 eng d | ||
| 020 | _a81-297-0732-2 | ||
| 041 | _aeng | ||
| 082 | _b10581 | ||
| 100 |
_aWind, Yoram and Gook, Colin _93058 |
||
| 245 | _aThe power of Impossible thinking | ||
| 260 | _bPearson | ||
| 300 | _a262 | ||
| 650 |
_aManagement _9241 |
||
| 942 | _cBK | ||
| 999 |
_c4438 _d4437 |
||